Crimen organizado y derechos humanos /
Emisión del programa Nexos TV del 18 de abril de 1996, primera de dos transmisiones dedicadas a los temas del crimen organizado y los derechos humanos. La transmisión del programa ocurrió en un entorno caracterizado por las iniciativas de Ernesto Zedillo, presidente de México, tendentes a la discusi...
保存先:
| 第一著者: | |
|---|---|
| その他の著者: | , , , , , , |
| フォーマット: | |
| 言語: | スペイン語 |
| 出版事項: |
México :
Televisión Azteca,
1996, c1996
|
| シリーズ: | (Nexos TV ;
372) |
| 主題: | |
| タグ: |
タグなし, このレコードへの初めてのタグを付けませんか!
|
MARC
| LEADER | 00000ngm^a2200000^a^4500 | ||
|---|---|---|---|
| 001 | 000275292 | ||
| 005 | 20250521000000.0 | ||
| 009 | 20260310111227.162 | ||
| 037 | |a Acervo ITESO - Biblioteca | ||
| 041 | |a ESP | ||
| 082 | |a 320. 972 |b NEX V. 372 | ||
| 100 | |a Cordera Campos, Rolando |e (dir. general) | ||
| 240 | 1 | 1 | |a [Nexos TV] |
| 245 | 1 | 0 | |a Crimen organizado y derechos humanos / |c Dir. general de R. Cordera Campos. |
| 264 | 4 | |a México : |b Televisión Azteca, |c 1996, c1996 | |
| 300 | |a 1 videocasete VHS |c (59 min.) | ||
| 336 | |a imagen móvil bidimensional |b tdi |2 rdacontenido | ||
| 337 | |a video |b v |2 rdamedio | ||
| 338 | |a videocasete |b vf |2 rdasoporte | ||
| 440 | 1 | |a (Nexos TV ; |v 372) | |
| 520 | |a Emisión del programa Nexos TV del 18 de abril de 1996, primera de dos transmisiones dedicadas a los temas del crimen organizado y los derechos humanos. La transmisión del programa ocurrió en un entorno caracterizado por las iniciativas de Ernesto Zedillo, presidente de México, tendentes a la discusión y aprobación de una ley contra la delincuencia organizada. Participaron en la mesa de discusión de Nexos TV Moisés Moreno Hernández, subprocurador de Control de Procesos de la Procuraduría General de la República (PGR); la política jalisciense Mara Robles Villaseñor, diputada federal por el Partido de la Revolución Democrática (PRD), y Jesús Zamora-Pierce, presidente de la Barra Mexicana, Colegio de Abogados. | ||
| 649 | |a XX | ||
| 650 | |a Programas de Opinión y Debate | ||
| 650 | |a Debates y el Arte de Discutir | ||
| 650 | |a Crimen Organizado - |z México - |x Tema Principal | ||
| 650 | |a Delincuencia - |z México | ||
| 650 | |a Delitos - |z México | ||
| 650 | |a Seguridad Pública - |z México | ||
| 650 | |a Problemas Sociales - |z México | ||
| 650 | |a México - |x Condiciones Jurídicas | ||
| 650 | |a Derechos Humanos - |z México - |x Tema Principal | ||
| 650 | |a Derecho Penal - |z México | ||
| 650 | |a Derecho Público - |z México | ||
| 650 | |a México - |x Condiciones Políticas | ||
| 650 | |a Política - |z México - |x Historia - |y 1994-2000 | ||
| 650 | |a Política - |z México - |x Historia - |y Siglo XX | ||
| 700 | |a Sánchez Rebolledo, Adolfo |e (coordinación) | ||
| 700 | |a Gutiérrez, Marcela |e (producción) | ||
| 700 | |a Sánchez Rebolledo, Adolfo |e (guión) | ||
| 700 | |a Aguilar Camín, Héctor |e (asesoría) | ||
| 700 | |a Moreno Hernández, Moisés |e (conferencia) | ||
| 700 | |a Robles Villaseñor, Mara |e (conferencia) | ||
| 700 | |a Zamora-Pierce, Jesús |e (conferencia) | ||
| 910 | |a Fondo General | ||
| 920 | |a Audiovisuales - Videocasetes | ||
| 905 | |a 301 | ||
| 901 | |a 0500072551 |b IT2 |c VIS |u 20250521 | ||
| 902 | |a https://opac.biblio.iteso.mx/vufind/Record/000275292 | ||